000 00510nam a2200181Ia 4500
005 20250326141911.0
008 250326s9999 xx 000 0 und d
037 _aTextbook
040 _aFMSL
_beng
_cFMSL
041 _aeng
_2eng
084 _qFMSL
100 _aHannaway Jane
_9745240
245 0 _aManagers managing : The working ofan administrative systems
_cHannaway Jane
260 _aNew York
_bNew York, Oxford Univ. Press
_c1989
300 _a183p
942 _cTB
999 _c1292516
_d1292516